[Event "37. Copenhagen Open (Politiken Cup)"]
[Site "Elsinore"]
[Date "2015.07.27"]
[Round "4"]
[White "Keen, Cosima C"]
[Black "Holm, Ragnar"]
[Result "1/2-1/2"]
[WhiteElo "1821"]
[BlackElo "2124"]
[PlyCount "79"]
[EventDate "2015.07.25"]
[EventType "swiss"]
[EventRounds "10"]
[EventCountry "DEN"]
[Source "ChessBase"]
[SourceDate "2015.09.14"]

1. e4 c5 2. Nf3 g6 3. g3 Bg7 4. Bg2 Nc6 5. O-O Nf6 6. Re1 O-O 7. c3 d6 8. d4
cxd4 9. cxd4 Qb6 10. b3 Bg4 11. Bb2 Nd7 12. Na3 Bxf3 13. Bxf3 Nxd4 14. Bg4 Ne6
15. Nc4 Qc5 16. Bxg7 Kxg7 17. Rc1 Rac8 18. Qd2 Ne5 19. Qb2 Kg8 20. Nxe5 Qxe5
21. Qxe5 dxe5 22. Bxe6 fxe6 23. Red1 Kf7 24. Kg2 Rfd8 25. Rxd8 Rxd8 26. Rc7 Rb8
27. Kf3 Ke8 28. Rc5 Kd7 29. Rxe5 Kd6 30. Rb5 Kc6 31. Ra5 a6 32. b4 Kd6 33. a4
Rc8 34. Ke3 Rc4 35. b5 axb5 36. Rxb5 Rxa4 37. Rxb7 e5 38. Rb8 Ke6 39. Rh8 h5
40. Rb8 1/2-1/2

[Event "37. Copenhagen Open (Politiken Cup)"]
[Site "Elsinore"]
[Date "2015.07.27"]
[Round "4"]
[White "Kistrup, Nicolai"]
[Black "Matthiesen, Martin"]
[Result "1/2-1/2"]
[WhiteElo "1986"]
[BlackElo "2347"]
[PlyCount "89"]
[EventDate "2015.07.25"]
[EventType "swiss"]
[EventRounds "10"]
[EventCountry "DEN"]
[Source "ChessBase"]
[SourceDate "2015.09.14"]

1. d4 Nf6 2. Nf3 g6 3. c4 Bg7 4. Nc3 O-O 5. Bg5 c5 6. d5 d6 7. e3 h6 8. Bh4 g5
9. Bg3 Nh5 10. Nd2 Nxg3 11. hxg3 f5 12. Qc2 Na6 13. a3 Nc7 14. f4 e6 15. dxe6
Bxe6 16. O-O-O Qf6 17. Rh5 Bf7 18. fxg5 Qe7 19. Rh3 Qxg5 20. Bd3 Qxe3 21. g4
Qg5 22. gxf5 d5 23. Rf1 dxc4 24. Be4 Rab8 25. f6 Be6 26. Bh7+ Kh8 27. fxg7+
Kxg7 28. Rhf3 b5 29. Rxf8 Rxf8 30. Rxf8 Kxf8 31. Qg6 Qxg6 32. Bxg6 Ke7 33. Nde4
b4 34. Na4 a5 35. Naxc5 Bd5 36. g4 Nb5 37. axb4 axb4 38. Na6 c3 39. bxc3 Bxe4
40. Bxe4 bxc3 41. Kc2 Kf6 42. Bd3 Nd6 43. Nc5 Kg5 44. Be2 Ne8 45. Ne6+ 1/2-1/2

[Event "37. Copenhagen Open (Politiken Cup)"]
[Site "Elsinore"]
[Date "2015.07.27"]
[Round "4"]
[White "Klings, Peter"]
[Black "Hansen, Alex Mehr"]
[Result "1-0"]
[WhiteElo "2154"]
[BlackElo "1965"]
[PlyCount "163"]
[EventDate "2015.07.25"]
[EventType "swiss"]
[EventRounds "10"]
[EventCountry "DEN"]
[Source "ChessBase"]
[SourceDate "2015.09.14"]

1. e4 c6 2. d4 d5 3. Nd2 dxe4 4. Nxe4 Nf6 5. Nxf6+ exf6 6. c3 Bf5 7. Qf3 Bg6 8.
h4 Qd5 9. Qxd5 cxd5 10. Bf4 Nc6 11. Ne2 h5 12. Bg3 O-O-O 13. Nf4 Bf5 14. Bd3
Bxd3 15. Nxd3 Bd6 16. Bxd6 Rxd6 17. Kd2 g5 18. Rae1 Re6 19. Nc5 Re7 20. Re3 b6
21. Nd3 Kd7 22. Rg3 g4 23. Re3 Re4 24. Rhe1 f5 25. f3 Rxe3 26. Rxe3 Kd6 27. Nf4
Ne7 28. Re5 Rh6 29. Ke3 Rh7 30. Kf2 Rh6 31. Kg3 Rh8 32. Kf2 Rh6 33. Ke1 Rh8 34.
Kd1 Rh6 35. Kc2 b5 36. Kb3 Rh8 37. a3 Rh6 38. a4 a6 39. Ka3 Rh8 40. Kb3 Rh6 41.
axb5 axb5 42. Re1 Ng6 43. Nxg6 Rxg6 44. Re5 gxf3 45. gxf3 f4 46. Rxh5 Rg3 47.
Rf5 Rxf3 48. Rxf7 Rf2 49. Rf6+ Ke7 50. Rf5 Ke6 51. Re5+ Kd6 52. Rg5 Rh2 53.
Rg6+ Ke7 54. Rg4 Rf2 55. h5 Kf6 56. h6 Rh2 57. Rxf4+ Ke6 58. Rf8 Rxh6 59. Rb8
Kd7 60. Rxb5 Kc6 61. Rc5+ Kd6 62. Ra5 Rh2 63. Ra2 Rd2 64. Kb4 Kc6 65. Kb3 Kb5
66. Ra8 Kc6 67. Rh8 Kb5 68. Rh5 Kc6 69. Rh6+ Kc7 70. Ka3 Rc2 71. Ra6 Rd2 72. b3
Rd1 73. Kb4 Rd3 74. Rh6 Kd7 75. Ra6 Kc7 76. Ra5 Kd6 77. Rc5 Rd1 78. Kb5 Rb1 79.
b4 Ra1 80. Rc6+ Kd7 81. Kc5 Rh1 82. Rd6+ 1-0

[Event "37. Copenhagen Open (Politiken Cup)"]
[Site "Elsinore"]
[Date "2015.07.27"]
[Round "4"]
[White "Kristensen, Lars Ostergaard"]
[Black "Alfven, Jorgen"]
[Result "0-1"]
[WhiteElo "1675"]
[BlackElo "1932"]
[PlyCount "100"]
[EventDate "2015.07.25"]
[EventType "swiss"]
[EventRounds "10"]
[EventCountry "DEN"]
[Source "ChessBase"]
[SourceDate "2015.09.14"]

1. d4 Nf6 2. c4 e6 3. Nc3 c5 4. d5 exd5 5. cxd5 d6 6. e4 g6 7. Nge2 b5 8. Ng3
b4 9. Nb1 Bg7 10. Nd2 O-O 11. Nc4 Re8 12. Bf4 Nxe4 13. Be2 Ba6 14. O-O Bxc4 15.
Bxc4 Nxg3 16. fxg3 Bxb2 17. Bb5 Re4 18. Qb1 Bd4+ 19. Kh1 f5 20. Bd3 Re8 21. Bb5
Rf8 22. Re1 a6 23. Bc4 g5 24. Bd2 Ra7 25. Qc1 h6 26. Rb1 Be5 27. Rb3 Kg7 28.
Rf1 Raf7 29. Rbf3 a5 30. Qc2 Qd7 31. Bd3 f4 32. Bh7 Kh8 33. Bg6 Rf6 34. gxf4
gxf4 35. Rh3 Kg7 36. Be4 Qf7 37. Qa4 Qc7 38. Rh4 c4 39. Rg4+ Kh8 40. Rf3 c3 41.
Be1 Qd7 42. Qxd7 Nxd7 43. Rh3 Nc5 44. Bc2 a4 45. Rgh4 Kg7 46. Rg4+ Kf7 47. Rgh4
b3 48. axb3 axb3 49. Rxh6 Rxh6 50. Rxh6 bxc2 0-1

[Event "37. Copenhagen Open (Politiken Cup)"]
[Site "Elsinore"]
[Date "2015.07.27"]
[Round "4"]
[White "Kristiansen, Jesper2"]
[Black "Larsen, Preben R"]
[Result "1-0"]
[WhiteElo "2051"]
[BlackElo "1808"]
[PlyCount "127"]
[EventDate "2015.07.25"]
[EventType "swiss"]
[EventRounds "10"]
[EventCountry "DEN"]
[Source "ChessBase"]
[SourceDate "2015.09.14"]

1. e4 c5 2. c3 Nc6 3. d4 cxd4 4. cxd4 d5 5. exd5 Qxd5 6. Nf3 Bg4 7. Be2 e6 8.
Nc3 Bb4 9. O-O Bxc3 10. bxc3 Nge7 11. h3 Bxf3 12. Bxf3 Qc4 13. Bd2 O-O 14. Re1
Rac8 15. Be4 Nd5 16. Qf3 Nf6 17. Bd3 Qd5 18. Qg3 Ne7 19. Re5 Qd6 20. Qf3 Qc6
21. Qe2 Ng6 22. Rc5 Qd6 23. Rxc8 Rxc8 24. Qf3 Qd7 25. Rb1 b6 26. Ba6 Rc7 27.
Bg5 Qd5 28. Qxd5 exd5 29. Bxf6 gxf6 30. Rc1 Nf4 31. Kf1 Kf8 32. Rc2 Ke7 33. h4
Ne6 34. Bd3 h6 35. g3 Rc8 36. Ke2 Kd6 37. Ke3 Re8 38. Kd2 Rb8 39. Rb2 Rc8 40.
Rb4 Re8 41. Rb5 Nc7 42. Rb1 Ne6 43. Re1 Rc8 44. Re3 Ke7 45. Bc2 Rd8 46. Bb3 Rd6
47. Rf3 Ng7 48. Rf4 Kd7 49. Rg4 Ne6 50. Rg8 Nc7 51. Bc2 Ke7 52. Rh8 f5 53. Bxf5
Rf6 54. g4 Ne8 55. Ke3 a5 56. Bd3 Re6+ 57. Kd2 Rf6 58. Ke3 Rc6 59. Rxe8+ Kxe8
60. Bb5 Kd7 61. Kf4 Kd6 62. Bxc6 Kxc6 63. Ke5 b5 64. f4 1-0

[Event "37. Copenhagen Open (Politiken Cup)"]
[Site "Elsinore"]
[Date "2015.07.27"]
[Round "4"]
[White "Kristiansen, Tore"]
[Black "Thaler, Toni"]
[Result "1/2-1/2"]
[WhiteElo "1784"]
[BlackElo "2025"]
[PlyCount "37"]
[EventDate "2015.07.25"]
[EventType "swiss"]
[EventRounds "10"]
[EventCountry "DEN"]
[Source "ChessBase"]
[SourceDate "2015.09.14"]

1. d4 Nf6 2. c4 c5 3. d5 g6 4. Nc3 Bg7 5. Nf3 O-O 6. g3 d6 7. Bg2 Na6 8. O-O
Nc7 9. e4 Rb8 10. a4 b6 11. Re1 Nd7 12. Bf4 f6 13. Qd2 a6 14. Bh6 Ne5 15. Nxe5
dxe5 16. Be3 a5 17. Rad1 Ne8 18. Nb5 Nd6 19. Nxd6 1/2-1/2

[Event "37. Copenhagen Open (Politiken Cup)"]
[Site "Elsinore"]
[Date "2015.07.27"]
[Round "4"]
[White "Kunin, Vitaly L"]
[Black "Kvisvik, Brede Alexander"]
[Result "0-1"]
[WhiteElo "2576"]
[BlackElo "2304"]
[PlyCount "200"]
[EventDate "2015.07.25"]
[EventType "swiss"]
[EventRounds "10"]
[EventCountry "DEN"]
[Source "ChessBase"]
[SourceDate "2015.09.14"]

1. d4 d5 2. Nf3 Nf6 3. e3 e6 4. Bd3 c5 5. b3 Nc6 6. Bb2 Qc7 7. a3 Bd6 8. dxc5
Bxc5 9. c4 dxc4 10. Bxc4 O-O 11. O-O a6 12. b4 Bd6 13. Nbd2 e5 14. Qb1 Qe7 15.
Ng5 Bc7 16. f4 h6 17. Nge4 Ng4 18. f5 Bb6 19. f6 Bxe3+ 20. Kh1 gxf6 21. Be2 f5
22. Bxg4 fxe4 23. Nc4 Bd4 24. Bxc8 Raxc8 25. Qxe4 Qe6 26. Bxd4 exd4 27. Qd3
Nxb4 28. Qg3+ Qg6 29. Qb3 Nc2 30. Ra2 Rxc4 31. Qxc4 Ne3 32. Qxd4 Nxf1 33. Ra1
Nxh2 34. Kxh2 Qh5+ 35. Kg1 Rc8 36. Qd7 Qc5+ 37. Kh1 Qh5+ 38. Kg1 Rc4 39. Qd8+
Kg7 40. Rf1 Qc5+ 41. Kh1 Rf4 42. Rxf4 Qc1+ 43. Rf1 Qxf1+ 44. Kh2 Qf4+ 45. Kh1
b5 46. Qa5 Qf1+ 47. Kh2 Qf6 48. Kh1 Kh7 49. Kh2 Kg6 50. Kh1 Qh4+ 51. Kg1 Qd4+
52. Kh1 Qd1+ 53. Kh2 Qd6+ 54. Kh1 f6 55. Qc3 h5 56. Qc2+ Kg7 57. Qc3 Qe5 58.
Qa5 h4 59. Qxa6 Qe1+ 60. Kh2 Qg3+ 61. Kh1 h3 62. gxh3 Qxh3+ 63. Kg1 Qe3+ 64.
Kf1 Qd3+ 65. Kf2 Qf5+ 66. Kg1 Qc5+ 67. Kg2 Kg6 68. Qa8 Kg5 69. Kf3 Qc4 70. Qa7
Qd3+ 71. Kf2 f5 72. Qe7+ Kf4 73. Qc7+ Ke4 74. Qe7+ Kd5 75. Qf7+ Kd4 76. Qa7+
Kc4 77. Qc7+ Kb3 78. Qa5 Qd4+ 79. Kf1 Qa4 80. Qd8 Qc4+ 81. Ke1 Kxa3 82. Kd2 b4
83. Ke3 f4+ 84. Kf3 b3 85. Qa5+ Kb2 86. Qd2+ Kb1 87. Qe1+ Qc1 88. Qe4+ Ka2 89.
Qa4+ Kb2 90. Ke2 Qe3+ 91. Kf1 Qd3+ 92. Kf2 f3 93. Kg3 Kb1 94. Qb4 Qe3 95. Qb5
Kc2 96. Qc4+ Kd2 97. Qb4+ Ke2 98. Qb5+ Ke1 99. Qf5 f2+ 100. Kg2 Qh3+ 0-1

[Event "37. Copenhagen Open (Politiken Cup)"]
[Site "Elsinore"]
[Date "2015.07.27"]
[Round "4"]
[White "Kvamme, Ingrid Jodre"]
[Black "Birkestrand, Odd Helge"]
[Result "0-1"]
[WhiteElo "1351"]
[BlackElo "1698"]
[PlyCount "62"]
[EventDate "2015.07.25"]
[EventType "swiss"]
[EventRounds "10"]
[EventCountry "DEN"]
[Source "ChessBase"]
[SourceDate "2015.09.14"]

1. Nf3 f5 2. c4 Nf6 3. g3 e6 4. Bg2 Be7 5. O-O O-O 6. Nc3 d6 7. d3 Nc6 8. Bd2
a6 9. Rb1 Qe8 10. b4 Bd8 11. a4 Ne7 12. b5 a5 13. Qb3 Kh8 14. Qb2 Qh5 15. Nd1
e5 16. e3 e4 17. dxe4 fxe4 18. Ne1 Bh3 19. Bc3 Bxg2 20. Kxg2 Ng6 21. Rg1 Be7
22. Qc2 Qg4 23. Kf1 Rf7 24. Rg2 Nd7 25. Qe2 Qe6 26. Bd4 Raf8 27. Nc2 Nge5 28.
Bxe5 Nxe5 29. Na3 Qh3 30. Kg1 Nf3+ 31. Kh1 Rf6 0-1

[Event "37. Copenhagen Open (Politiken Cup)"]
[Site "Elsinore"]
[Date "2015.07.27"]
[Round "4"]
[White "Kvamme, John Agnar"]
[Black "Olesen, Poul Erik Norgaard"]
[Result "1/2-1/2"]
[WhiteElo "2158"]
[BlackElo "1970"]
[PlyCount "135"]
[EventDate "2015.07.25"]
[EventType "swiss"]
[EventRounds "10"]
[EventCountry "DEN"]
[Source "ChessBase"]
[SourceDate "2015.09.14"]

1. Nf3 Nf6 2. g3 g6 3. b3 Bg7 4. Bb2 d6 5. Bg2 O-O 6. O-O c6 7. d3 Qa5 8. Qd2
Qh5 9. Qg5 Qxg5 10. Nxg5 h6 11. Nf3 Nbd7 12. c4 a5 13. Nc3 Re8 14. a3 e5 15.
Nd2 Nb6 16. Nde4 Nxe4 17. Nxe4 Rd8 18. c5 dxc5 19. Nxc5 Nd5 20. Rfc1 Rb8 21.
Rc2 b6 22. Na4 Bd7 23. Rac1 Ne7 24. Bc3 c5 25. Nb2 Bc6 26. Nc4 Bxg2 27. Kxg2
Nc6 28. Rb1 f6 29. b4 axb4 30. axb4 b5 31. Nd2 cxb4 32. Bb2 Nd4 33. Bxd4 Rxd4
34. Nf3 Rd7 35. Rxb4 Bf8 36. Rb3 Kf7 37. Rcb2 b4 38. Nd2 Ke6 39. Ra2 Rdb7 40.
Ra6+ Kf7 41. Nc4 Bc5 42. Kf1 Ra7 43. Rxa7+ Bxa7 44. Ke1 Ke6 45. e3 Bc5 46. Kd1
Ra8 47. Kc2 h5 48. Rb1 Ra2+ 49. Rb2 Rxb2+ 50. Kxb2 Kd5 51. Kb3 f5 52. Nd2 Be7
53. Nf3 e4 54. dxe4+ Kxe4 55. Ne1 g5 56. Kc4 Bd6 57. Kb3 f4 58. exf4 gxf4 59.
Kc4 Be7 60. Nd3 Bd6 61. Nxb4 fxg3 62. fxg3 Bxb4 63. Kxb4 Kf3 64. Kc3 Kg2 65.
Kd2 Kxh2 66. Ke2 Kg2 67. Ke1 Kxg3 68. Kf1 1/2-1/2

[Event "37. Copenhagen Open (Politiken Cup)"]
[Site "Elsinore"]
[Date "2015.07.27"]
[Round "4"]
[White "Langvik, Ulrikke"]
[Black "Kristoffersen, Haakon"]
[Result "1/2-1/2"]
[WhiteElo "1405"]
[BlackElo "1692"]
[PlyCount "64"]
[EventDate "2015.07.25"]
[EventType "swiss"]
[EventRounds "10"]
[EventCountry "DEN"]
[Source "ChessBase"]
[SourceDate "2015.09.14"]

1. e4 e5 2. Nf3 Nc6 3. Bc4 Bc5 4. c3 d6 5. h3 h6 6. d3 Nf6 7. Nbd2 O-O 8. Nf1
Bb6 9. Be3 Ne7 10. Qd2 Ng6 11. g4 Bxe3 12. fxe3 Be6 13. Bxe6 fxe6 14. N1h2 Nh7
15. O-O-O Nh4 16. Rdf1 Nxf3 17. Nxf3 Ng5 18. Qe2 Nxf3 19. Rxf3 Rxf3 20. Qxf3
Qf8 21. Rf1 Qxf3 22. Rxf3 Rf8 23. Rxf8+ Kxf8 24. Kd2 Kf7 25. Ke2 g5 26. d4 Kf6
27. Kd3 c6 28. c4 exd4 29. exd4 c5 30. e5+ Ke7 31. a3 b6 32. b4 a5 1/2-1/2

[Event "37. Copenhagen Open (Politiken Cup)"]
[Site "Elsinore"]
[Date "2015.07.27"]
[Round "4"]
[White "Levrand, Roland"]
[Black "Jacobsen, Heidrikur Tindskar"]
[Result "1-0"]
[WhiteElo "2146"]
[BlackElo "1902"]
[PlyCount "99"]
[EventDate "2015.07.25"]
[EventType "swiss"]
[EventRounds "10"]
[EventCountry "DEN"]
[Source "ChessBase"]
[SourceDate "2015.09.14"]

1. e4 d6 2. d4 g6 3. Nc3 Bg7 4. Be3 Nf6 5. h3 c6 6. g3 Qa5 7. Bg2 Nbd7 8. Nge2
O-O 9. O-O e5 10. Qd2 Re8 11. Rad1 b5 12. dxe5 dxe5 13. Nd5 Qxd2 14. Nxf6+ Nxf6
15. Rxd2 Bf8 16. Rfd1 Be6 17. Nc1 c5 18. Nd3 Nd7 19. Bf1 c4 20. Nc1 Nc5 21. f3
Na4 22. c3 Be7 23. Kf2 a6 24. Rc2 Rac8 25. h4 Nc5 26. Be2 Rcd8 27. Rxd8 Rxd8
28. Ke1 f5 29. exf5 Bxf5 30. Rd2 Rxd2 31. Kxd2 Be6 32. Bd1 Bd5 33. b4 Nd7 34.
Bg5 Bxg5+ 35. hxg5 Nf8 36. Ke3 Kf7 37. Ne2 Ke6 38. Bc2 Kd6 39. Ng1 Ne6 40. Nh3
Ng7 41. f4 Nh5 42. f5 Bf7 43. g4 Ng7 44. Nf2 Bd5 45. a3 gxf5 46. gxf5 e4 47.
Bxe4 Ke5 48. Ng4+ Kd6 49. Nf6 Bxe4 50. Kxe4 1-0

[Event "37. Copenhagen Open (Politiken Cup)"]
[Site "Elsinore"]
[Date "2015.07.27"]
[Round "4"]
[White "Liedbeck, Patrik"]
[Black "Ramsdal, Jens Albert"]
[Result "0-1"]
[WhiteElo "1986"]
[BlackElo "2169"]
[PlyCount "72"]
[EventDate "2015.07.25"]
[EventType "swiss"]
[EventRounds "10"]
[EventCountry "DEN"]
[Source "ChessBase"]
[SourceDate "2015.09.14"]

1. e4 c5 2. Nf3 e6 3. d4 cxd4 4. Nxd4 Nc6 5. Nc3 Qc7 6. Be3 a6 7. Bd3 Nf6 8.
O-O b5 9. a3 Bb7 10. Qe2 Nxd4 11. Bxd4 e5 12. Be3 Bc5 13. Rfe1 Bxe3 14. Qxe3
O-O 15. Rad1 Bc6 16. Nd5 Bxd5 17. exd5 d6 18. Bf5 g6 19. h4 Qe7 20. Bh3 Nh5 21.
f4 e4 22. Qxe4 Qxh4 23. f5 Qxe4 24. Rxe4 Rfe8 25. Ree1 Nf6 26. fxg6 hxg6 27.
Kf2 Rxe1 28. Kxe1 Re8+ 29. Kf2 Re7 30. c3 Ne4+ 31. Kf3 f5 32. Rd4 Kf7 33. a4
Re5 34. axb5 axb5 35. Kf4 g5+ 36. Ke3 Nf6+ 0-1

[Event "37. Copenhagen Open (Politiken Cup)"]
[Site "Elsinore"]
[Date "2015.07.27"]
[Round "4"]
[White "Lofgren, Claes"]
[Black "Overgaard, Jorgen"]
[Result "1-0"]
[WhiteElo "2102"]
[BlackElo "1800"]
[PlyCount "79"]
[EventDate "2015.07.25"]
[EventType "swiss"]
[EventRounds "10"]
[EventCountry "DEN"]
[Source "ChessBase"]
[SourceDate "2015.09.14"]

1. d4 d5 2. c4 e6 3. Nf3 c6 4. e3 Bd6 5. Nc3 f5 6. Ne5 Nf6 7. f4 Nbd7 8. c5 Bc7
9. b4 Nxe5 10. fxe5 Ne4 11. Nxe4 fxe4 12. Qh5+ g6 13. Qh6 Qe7 14. Be2 Rf8 15.
Bd2 Bd7 16. Rf1 Rxf1+ 17. Kxf1 O-O-O 18. Kg1 Rf8 19. Rf1 Rxf1+ 20. Bxf1 Qf7 21.
Be1 Bd8 22. Bh4 Bxh4 23. Qxh4 a6 24. Be2 h5 25. Qg5 Kc7 26. g4 hxg4 27. Bxg4
Kc8 28. Kg2 Kc7 29. Be2 Kc8 30. Kg3 Be8 31. Qf6 Kd7 32. Bg4 Qxf6 33. exf6 Bf7
34. Kf4 Ke8 35. Ke5 Kd7 36. h4 Bg8 37. f7 Bxf7 38. Kf6 Be8 39. Bxe6+ Kd8 40. a3
1-0

[Event "37. Copenhagen Open (Politiken Cup)"]
[Site "Elsinore"]
[Date "2015.07.27"]
[Round "4"]
[White "Louis, Thibault"]
[Black "Alquist, Erik"]
[Result "1-0"]
[WhiteElo "2250"]
[BlackElo "2061"]
[PlyCount "57"]
[EventDate "2015.07.25"]
[EventType "swiss"]
[EventRounds "10"]
[EventCountry "DEN"]
[Source "ChessBase"]
[SourceDate "2015.09.14"]

1. e4 c5 2. Nf3 e6 3. c4 Nc6 4. Nc3 Qc7 5. Be2 Nf6 6. O-O a6 7. a3 Nd4 8. h3
Be7 9. d3 b6 10. e5 Nxe2+ 11. Qxe2 Ng8 12. Qe4 Bb7 13. Qg4 g6 14. Re1 f6 15.
Bf4 f5 16. Qg3 Bf8 17. Rab1 Ne7 18. b4 h6 19. h4 g5 20. hxg5 Ng6 21. bxc5 bxc5
22. Bd2 hxg5 23. Nxg5 Rg8 24. Nh7 Be7 25. Nd5 exd5 26. Nf6+ Bxf6 27. exf6+ Kd8
28. f7 Rf8 29. Qg5+ 1-0

[Event "37. Copenhagen Open (Politiken Cup)"]
[Site "Elsinore"]
[Date "2015.07.27"]
[Round "4"]
[White "Lundberg, Roland"]
[Black "McPhillips, Joseph"]
[Result "0-1"]
[WhiteElo "1990"]
[BlackElo "2191"]
[PlyCount "78"]
[EventDate "2015.07.25"]
[EventType "swiss"]
[EventRounds "10"]
[EventCountry "DEN"]
[Source "ChessBase"]
[SourceDate "2015.09.14"]

1. d4 e6 2. c4 Nf6 3. Nf3 b6 4. g3 Ba6 5. b3 Bb7 6. Bg2 Bb4+ 7. Bd2 a5 8. O-O
O-O 9. Nc3 d6 10. Qc2 Nbd7 11. Rfe1 Bxc3 12. Bxc3 Be4 13. Qd2 Qb8 14. Qe3 b5
15. g4 d5 16. g5 Ne8 17. Ne5 Nxe5 18. Bxe4 Ng4 19. Bxh7+ Kxh7 20. Qh3+ Kg8 21.
Qxg4 b4 22. Bd2 dxc4 23. bxc4 Nd6 24. e4 Nxc4 25. Bf4 e5 26. dxe5 Qe8 27. Rac1
Nxe5 28. Qg3 Ng6 29. Bxc7 Qe6 30. h4 Rfc8 31. h5 Nf8 32. Be5 Rxc1 33. Rxc1 Re8
34. f4 Qxa2 35. h6 Ng6 36. Bxg7 b3 37. Qc3 Nxf4 38. Qb2 Qxb2 39. Bxb2 Ne2+ 0-1

[Event "37. Copenhagen Open (Politiken Cup)"]
[Site "Elsinore"]
[Date "2015.07.27"]
[Round "4"]
[White "Lunde, Sigmund"]
[Black "Tryggestad, Linnea Garberg"]
[Result "1-0"]
[WhiteElo "1898"]
[BlackElo "1422"]
[PlyCount "113"]
[EventDate "2015.07.25"]
[EventType "swiss"]
[EventRounds "10"]
[EventCountry "DEN"]
[Source "ChessBase"]
[SourceDate "2015.09.14"]

1. b3 c6 2. Nf3 d5 3. Bb2 Bf5 4. e3 e6 5. Be2 Nf6 6. c4 Nbd7 7. O-O Bd6 8. d4
O-O 9. Nbd2 Re8 10. Ne5 Qc7 11. f4 Rac8 12. g4 Bg6 13. f5 exf5 14. gxf5 Bxf5
15. Rxf5 Nxe5 16. c5 Qd7 17. Rg5 h6 18. Rg2 Qh3 19. cxd6 Qxe3+ 20. Kh1 Nd3 21.
Bxd3 Qxd3 22. Qf1 Qxf1+ 23. Rxf1 Re6 24. Ba3 Rd8 25. Nf3 Ne8 26. Ne5 f6 27. Ng4
Kh7 28. Rfg1 Nxd6 29. Bxd6 Rexd6 30. Re2 R6d7 31. b4 Rf7 32. Re6 Rdd7 33. Rg3
Rfe7 34. Rge3 Rxe6 35. Rxe6 Kg6 36. Ne5+ Kf5 37. Nxd7 Kxe6 38. Nc5+ Kf5 39.
Nxb7 Ke4 40. Na5 Kxd4 41. Nxc6+ Kc4 42. a4 d4 43. Kg2 d3 44. Kf2 Kc3 45. Ke1 f5
46. b5 Kc4 47. Kd2 Kc5 48. Kxd3 Kb6 49. Kc4 f4 50. a5+ Kb7 51. Nd4 g5 52. Kd5
a6 53. b6 g4 54. Ke4 f3 55. Nxf3 gxf3 56. Kxf3 Kc6 57. Kg4 1-0

[Event "37. Copenhagen Open (Politiken Cup)"]
[Site "Elsinore"]
[Date "2015.07.27"]
[Round "4"]
[White "Madison, Sigurd"]
[Black "Jensen, Hans Askov"]
[Result "1-0"]
[WhiteElo "1853"]
[BlackElo "1473"]
[PlyCount "77"]
[EventDate "2015.07.25"]
[EventType "swiss"]
[EventRounds "10"]
[EventCountry "DEN"]
[Source "ChessBase"]
[SourceDate "2015.09.14"]

1. e4 e5 2. Nf3 Nc6 3. Bb5 a6 4. Ba4 Nf6 5. d3 b5 6. Bb3 Bc5 7. c3 O-O 8. Bg5
h6 9. Bh4 Be7 10. O-O d6 11. Nbd2 Bg4 12. h3 Bh5 13. Re1 Bg6 14. Bg3 Na5 15.
Bc2 c5 16. Nf1 Nh5 17. Bh2 Qb6 18. Ne3 Nf6 19. Nh4 Bh5 20. g4 Bg6 21. Nhf5 Bd8
22. Qe2 Ra7 23. Red1 Rd7 24. b3 Nc6 25. a3 Ne7 26. b4 h5 27. d4 cxd4 28. cxd4
hxg4 29. hxg4 Nxf5 30. exf5 exd4 31. Ng2 Re8 32. Qf3 Bh7 33. g5 d5 34. g6 fxg6
35. fxg6 Rf8 36. gxh7+ Kh8 37. Nh4 Nxh7 38. Qh5 d3 39. Ng6+ 1-0

[Event "37. Copenhagen Open (Politiken Cup)"]
[Site "Elsinore"]
[Date "2015.07.27"]
[Round "4"]
[White "Madsen, Dennis"]
[Black "Shehzad, Alisha"]
[Result "1-0"]
[WhiteElo "1678"]
[BlackElo "1266"]
[PlyCount "65"]
[EventDate "2015.07.25"]
[EventType "swiss"]
[EventRounds "10"]
[EventCountry "DEN"]
[Source "ChessBase"]
[SourceDate "2015.09.14"]

1. d4 Nf6 2. Nc3 d5 3. f3 Bf5 4. g4 Bg6 5. g5 Ng8 6. e4 dxe4 7. fxe4 e6 8. Be3
Bb4 9. Bg2 Nc6 10. Nge2 Nge7 11. O-O Qd7 12. a3 Ba5 13. Na4 O-O-O 14. c3 a6 15.
Nc5 Qe8 16. a4 Bb6 17. b4 Bxc5 18. bxc5 Rf8 19. Qb3 Na7 20. Rfb1 Qc6 21. e5 Nd5
22. Rb2 b6 23. c4 a5 24. cxd5 exd5 25. cxb6 Qxb6 26. Qxb6 cxb6 27. Rxb6 Kc7 28.
Rb3 Rfe8 29. Rc1+ Kd7 30. Rb7+ Ke6 31. Rxa7 f6 32. Bh3+ f5 33. Nf4# 1-0

[Event "37. Copenhagen Open (Politiken Cup)"]
[Site "Elsinore"]
[Date "2015.07.27"]
[Round "4"]
[White "Maechel, Michael"]
[Black "Jensen, Jonbert"]
[Result "1-0"]
[WhiteElo "1738"]
[BlackElo "1569"]
[PlyCount "43"]
[EventDate "2015.07.25"]
[EventType "swiss"]
[EventRounds "10"]
[EventCountry "DEN"]
[Source "ChessBase"]
[SourceDate "2015.09.14"]

1. e4 e5 2. Nf3 Nf6 3. Nxe5 d6 4. Nf3 Nxe4 5. d4 Be7 6. Bd3 d5 7. O-O O-O 8. c4
Be6 9. Re1 Ng5 10. Nxg5 Bxg5 11. Qh5 g6 12. Qxg5 Qxg5 13. Bxg5 dxc4 14. Be4 c6
15. Nc3 Kg7 16. d5 cxd5 17. Bxd5 Bxd5 18. Nxd5 Nd7 19. Re7 Rad8 20. Nf4 Kg8 21.
Rae1 Nc5 22. Bh6 1-0

[Event "37. Copenhagen Open (Politiken Cup)"]
[Site "Elsinore"]
[Date "2015.07.27"]
[Round "4"]
[White "Martinsson, Jonas"]
[Black "Laustsen, Lars"]
[Result "1-0"]
[WhiteElo "1845"]
[BlackElo "2098"]
[PlyCount "39"]
[EventDate "2015.07.25"]
[EventType "swiss"]
[EventRounds "10"]
[EventCountry "DEN"]
[Source "ChessBase"]
[SourceDate "2015.09.14"]

1. e4 c5 2. d4 cxd4 3. c3 Nf6 4. e5 Nd5 5. Nf3 e6 6. cxd4 d6 7. Bb5+ Nc6 8. O-O
Bd7 9. Bc4 Nb6 10. Bb3 Qc7 11. Re1 dxe5 12. dxe5 Na5 13. Bc2 Rc8 14. Nc3 Bb4
15. Ng5 Bxc3 16. Nxf7 O-O 17. Qh5 g6 18. Bxg6 Rxf7 19. Bxf7+ Kh8 20. bxc3 1-0

[Event "37. Copenhagen Open (Politiken Cup)"]
[Site "Elsinore"]
[Date "2015.07.27"]
[Round "4"]
[White "Matras, Ove"]
[Black "Myhre, Mads Wollan"]
[Result "0-1"]
[WhiteElo "1940"]
[BlackElo "1686"]
[PlyCount "116"]
[EventDate "2015.07.25"]
[EventType "swiss"]
[EventRounds "10"]
[EventCountry "DEN"]
[Source "ChessBase"]
[SourceDate "2015.09.14"]

1. e4 e6 2. d4 d5 3. e5 c5 4. c3 Nc6 5. Bb5 Bd7 6. Bxc6 Bxc6 7. Nf3 cxd4 8.
Nxd4 Qb6 9. Nd2 Ne7 10. N2b3 Ng6 11. Be3 Qc7 12. f4 Ba4 13. Qf3 Bxb3 14. axb3
a6 15. O-O Bc5 16. b4 Bxd4 17. Bxd4 Nh4 18. Qd3 O-O 19. g4 Ng6 20. Rae1 Qc4 21.
Qd2 Rfe8 22. f5 Ne7 23. Rf3 Nc6 24. f6 Nxd4 25. cxd4 Rac8 26. Rf2 Kh8 27. fxg7+
Kg8 28. Qf4 Rc7 29. Qd2 Rcc8 30. Rf3 Qc2 31. Qf4 Qg6 32. Rh3 Kxg7 33. Rh5 h6
34. Rf1 Rc7 35. Rh3 Rg8 36. Rg3 Qg5 37. Qf2 Rf8 38. Qf6+ Qxf6 39. exf6+ Kg6 40.
g5 Rc4 41. gxh6+ Kxh6 42. Rf4 Kh5 43. Kg2 e5 44. Rf5+ Kh6 45. dxe5 Re4 46. Rg7
Re2+ 47. Kg3 Re3+ 48. Kg4 Re4+ 49. Kf3 Rxb4 50. Rf4 Rb3+ 51. Kg4 Rxb2 52. Kf5
Rxh2 53. Rxf7 Rxf7 54. Ke6 Rh5 55. Rf5 Rxf5 56. Kxf5 Kh7 57. e6 Kg8 58. e7 Rxe7
0-1

[Event "37. Copenhagen Open (Politiken Cup)"]
[Site "Elsinore"]
[Date "2015.07.27"]
[Round "4"]
[White "Merkesvik, Sondre"]
[Black "Steenstrup, Svend"]
[Result "1-0"]
[WhiteElo "2130"]
[BlackElo "1914"]
[PlyCount "51"]
[EventDate "2015.07.25"]
[EventType "swiss"]
[EventRounds "10"]
[EventCountry "DEN"]
[Source "ChessBase"]
[SourceDate "2015.09.14"]

1. d4 Nf6 2. Nf3 g6 3. c4 Bg7 4. g3 O-O 5. Bg2 d5 6. cxd5 Nxd5 7. O-O Nc6 8. e4
Nb6 9. d5 Ne5 10. Nd4 c5 11. dxc6 Bg4 12. Qd2 Nec4 13. Qf4 Bxd4 14. Qxg4 Nxb2
15. cxb7 Rb8 16. Bf4 e5 17. Bg5 f6 18. Bh6 Re8 19. Nd2 Nd3 20. Rad1 Na4 21. Nb3
Nab2 22. Nxd4 Nxd1 23. Qxd1 Qb6 24. Qxd3 exd4 25. Rb1 Qe6 26. Bf4 1-0